000 00697nam a2200229Ia 4500
005 20230519142244.0
008 210716s2007 xx 000 0 und d
020 _a9788120320635
040 _cAIMIT LIBRARY
041 _aeng
082 _a005.42
_22
_bTANA
100 _aTanenbaum, Andrew S.
_9109723
245 _aModern operating systems /
_cBy Andrew S. Tanenbaum.
250 _a2nd ed.
260 _aNew Delhi :
_bPHI Learning Pvt Ltd ,
_c2007.
300 _axxiv,951p.;
_bPB
_c24 cm.
650 _aOperating System concepts
_9109724
650 _aProcesses and threads
_9109725
650 _aDeadlocks
_9109726
650 _aMemory management
_9109727
942 _2ddc
_cBK
_k005.42 TANA
999 _c188101
_d188101